000 00672nam a22002537a 4500
003 CHAP
005 20220817041719.0
008 971013s1899 r 00010 d
010 _a22325
011 _a23297
035 _a27393
040 _cCHAP
082 _a630.83
_bA8
245 _aAtlas agrícola
260 _a(s.l. :
_bs.e.),
_c(1899?)
300 _as.p.
590 _aBATCH-UPD
_b10
_c20130110
_lUCH01
_h1913
590 _aBATCH-UPD
_b10
_c20130410
_lUCH01
_h1240
590 _aCONVERSION
_b10
_c20130109
_lUCH01
_h1313
650 1 4 _aAgricultura
_xEstadisticas
_zMexico.
901 _aBK
942 _cLIBRO
949 _a630.83 A8
_bBC
_cBPP
_d-63564
_eBPP
_i27393
_si
999 _c22325
_d22325